000 00423nam a2200133Ia 4500
005 20260326100043.0
008 260326s9999||||xx |||||||||||||| ||und||
100 _aBonet Correa, Antonio
245 0 _aIglesias Madrileñas del Siglo XVII /
_cAntonio Bonet Correa
260 _bConsejo Superior de Investigaciones Científicas, Instituto "Diego Velázquez
300 _a55 p.
650 _aARQUITECTURA RELIGIOSA
942 _cBK
999 _c7082
_d7082